| 000 | 00723nam a22002177a 4500 | ||
|---|---|---|---|
| 003 | OSt | ||
| 005 | 20251124160844.0 | ||
| 008 | 251124b |||||||| |||| 00| 0 eng d | ||
| 020 | _a1-4180-2879-7. | ||
| 040 |
_aDWCL-Main lib _cOC |
||
| 082 |
_22006 ed. _aCirc. 690.0218 T497s 2006 |
||
| 100 | _aThornburg, Douglas W. | ||
| 245 |
_aSignificant changes to the international building code 2006 _cThornburg, Douglas W. |
||
| 260 |
_aN. Y. : _bDelmar Learning, _cc2006. |
||
| 300 |
_axii, 321 pages : _bcolored illustration ; _c28 cm. |
||
| 504 | _aIncludes index. | ||
| 650 | _21. Building-Standards. | ||
| 650 | _22.Construction industry-Standards. | ||
| 700 | _aHenry, John R. | ||
| 942 |
_2ddc _cBK-CIRC _e2006 ed. _kCirc. _n0 |
||
| 999 |
_c6131 _d6131 |
||